| 000 | 01265cam a22003497a 4500 | ||
|---|---|---|---|
| 003 | CHAP | ||
| 005 | 20220329142345.0 | ||
| 008 | 000921d1999 cr r 00110 spa d | ||
| 010 | _a82299 | ||
| 011 | _a83271 | ||
| 020 | _a9968825034 | ||
| 035 | _a93782 | ||
| 040 | _cCHAP | ||
| 090 | _aFolleto 16039 | ||
| 100 | 0 | 0 |
_aCifuentes Arias, Miguel. _923269 |
| 245 | 1 | 0 |
_aCapacidad de carga turística de las áreas de uso público del monumento nacional Guayabo, Costa Rica _c/por Miguel Cifuentes Arias [y otros] |
| 260 |
_aTurrialba, C.R. : _bCentro Agronómico Tropical de Investigación y Enseñanza, _c1999. |
||
| 300 |
_a75 p. : _bilus. ; gráfs. |
||
| 490 | 0 |
_aWWF. Serie técnica _v; 1 |
|
| 590 |
_aBATCH-UPD _b10 _c20130110 _lUCH01 _h0420 |
||
| 590 |
_aBATCH-UPD _b10 _c20130410 _lUCH01 _h0055 |
||
| 590 |
_aBATCH-UPD _b10 _c20130914 _lUCH01 _h1847 |
||
| 590 |
_aCONVERSION _b10 _c20130109 _lUCH01 _h1346 |
||
| 650 | 1 | 4 |
_aÁreas protegidas _xCosta Rica. _96881 |
| 650 | 1 | 4 |
_aRecursos naturales _xConservación _zCosta Rica. _995261 |
| 650 | 1 | 4 |
_aRecursos naturales _xCosta Rica. _995273 |
| 830 | 0 | 0 |
_aWWF. Serie técnica _v; 1 _9122842 |
| 901 | _aBK | ||
| 905 | _aLilia Sánchez G. | ||
| 942 | _cFOLL | ||
| 949 |
_aFolleto 16039 _bBC _cFOLL _d937821 _eTS1 _i93782 _sb |
||
| 999 |
_c82299 _d82299 |
||